UEFA Champions League 2016-17 - Statistics

General Stats
  • This quiz has been taken 177 times
  • The average score is 22 of 32
Answer Stats
Hint Answer % Correct
F Real Madrid
99%
H Juventus
98%
C Barcelona
97%
D Atlético de Madrid
96%
D Bayern
96%
C Manchester City
95%
F Borussia Dortmund
92%
A PSG
92%
A Arsenal
87%
H Sevilla
85%
E Monaco
83%
B Napoli
81%
G Leicester
79%
G Porto
79%
E Tottenham
77%
B Benfica
74%
D PSV
74%
H Olympique Lyonnais
68%
E Bayer Leverkusen
66%
C Celtic
58%
E CSKA Moscow
57%
B Dinamo Kiev
54%
F Sporting CP
49%
A Basel
48%
G Club Brugge
48%
B Besiktas
46%
F Legia Varsovia
43%
H Dinamo Zagreb
41%
C Borussia Mönchengladbach
40%
G Copenhagen
39%
D Rostov
28%
A Ludogorets
26%
No matching quizzes found
Score Distribution
Percent of People with Each Score
Percentile by Number Answered
Your Score History
You have not taken this quiz